जय हिंद (Record no. 92981)

MARC details
000 -LEADER
fixed length control field 00423nam a2200157Ia 4500
008 - FIXED-LENGTH DATA ELEMENTS--GENERAL INFORMATION
fixed length control field 090124s9999 xx 000 0 und d
082 ## - DEWEY DECIMAL CLASSIFICATION NUMBER
Item number 24520
245 ## - TITLE STATEMENT
Title जय हिंद
250 ## - EDITION STATEMENT
Edition statement 0
260 ## - PUBLICATION, DISTRIBUTION, ETC. (IMPRINT)
Name of publisher, distributor, etc व्यवस्थापक ट्रस्टी
Date of publication, distribution, etc 1986
300 ## - PHYSICAL DESCRIPTION
Extent 174
630 ## - SUBJECT ADDED ENTRY--UNIFORM TITLE
Uniform title जय हिंद
700 ## - ADDED ENTRY--PERSONAL NAME
Personal name सुमंत यशवंत
730 ## - ADDED ENTRY--UNIFORM TITLE
Uniform title जय हिंद
942 ## - ADDED ENTRY ELEMENTS (KOHA)
Koha item type Book
Holdings
Withdrawn status Lost status Damaged status Not for loan Home library Current library Date acquired Cost, normal purchase price Total Checkouts Full call number Barcode Date last seen Cost, replacement price Price effective from Koha item type
        Nagar Wachan Mandir, Thane Nagar Wachan Mandir, Thane   0.00   24520 THNNWM-24520 01/24/2009 0.00 01/24/2009 Book